Be Smrt - Sudden Death - Statistics

General Stats
  • This quiz has been taken 6,791 times
  • The average score is 8 of 16
Answers on the Grid
Answers color-coded by a green-red scale on the quiz's grid according to % correct below.
Antipodal
Astute
Betwixt
Brummagem
Cerebral
Clever
Derelict
Eggheaded
Ensconced
Ephemeral
Erudite
Exulted
Froufrou
Genius
Indigent
Inkhorn
Intelligent
Lassitudinous
Learned
Occidental
Opulent
Perspicacious
Petrichor
Polymathic
Recondite
Resplendent
Sagacious
Sapacious
Sapient
Shrewd
Sinewy
Swimmy
Ubiquitous
Vapid
Well-read
Wise
 
Answer Stats
Answer % Correct
Clever
90%
Genius
81%
Intelligent
81%
Wise
74%
Well-read
70%
Astute
69%
Learned
68%
Cerebral
66%
Erudite
44%
Sapient
35%
Eggheaded
34%
Shrewd
34%
Polymathic
32%
Sagacious
25%
Perspicacious
21%
Inkhorn
4%
No matching quizzes found
Score Distribution
Percent of People with Each Score
Percentile by Number Answered
Your Score History
You have not taken this quiz